Pacific community and India (Record no. 17684)

MARC details
000 -LEADER
fixed length control field 00361nam a2200145Ia 4500
082 ## - DEWEY DECIMAL CLASSIFICATION NUMBER
Classification number RS.0468
100 ## - MAIN ENTRY--AUTHOR NAME
Personal name Seth, S.P.
245 #0 - TITLE STATEMENT
Title Pacific community and India
260 ## - PUBLICATION, DISTRIBUTION, ETC. (IMPRINT)
Year of publication 1994
300 ## - PHYSICAL DESCRIPTION
Number of Pages 159
650 ## - SUBJECT ADDED ENTRY--TOPICAL TERM
Topical Term JAPAN - FOREIGN RELATIONS - UNITED STATES
650 ## - SUBJECT ADDED ENTRY--TOPICAL TERM
Topical Term PACIFIC AREA
650 ## - SUBJECT ADDED ENTRY--TOPICAL TERM
Topical Term INDIA - FOREIGN RELATIONS - PACIFIC STATES
942 ## - ADDED ENTRY ELEMENTS (KOHA)
Koha item type Thesis
Source of classification or shelving scheme Dewey Decimal Classification
Holdings
Withdrawn status Lost status Damaged status Not for loan Collection code Home library Current library Date acquired Bill Date Full call number Accession Number Price effective from Koha item type
      Not For Loan Senior Research Fellowship Reports NASSDOC Library NASSDOC Library 08/10/2004 2008-12-30 RS.0468 33690 18/04/2019 Thesis